Workers, unions and the state

Gespeichert in:
Bibliographische Detailangaben
1. Verfasser: Wootton, Graham
Format: Buch
Sprache:Undetermined
Veröffentlicht: Liverpool C. Tinling & Co. Ltd. 1966
Schlagworte:
Tags: Tag hinzufügen
Keine Tags, Fügen Sie den ersten Tag hinzu!
Thư viện lưu trữ: Trung tâm Học liệu Trường Đại học Cần Thơ
LEADER 00479nam a2200181Ia 4500
001 CTU_78862
008 210402s9999 xx 000 0 und d
082 |a 331 
082 |b W918 
100 |a Wootton, Graham 
245 0 |a Workers, unions and the state 
245 0 |c Graham Wootton 
260 |a Liverpool 
260 |b C. Tinling & Co. Ltd. 
260 |c 1966 
650 |a Working class 
650 |z Great Britain 
980 |a Trung tâm Học liệu Trường Đại học Cần Thơ